000 00370nam a2200145Ia 4500
008 230917s9999||||xx |||||||||||||| ||und||
040 _e195503
_aMAIN
041 _aEnglish
082 _a647.94 B814H
100 _aBrown, Nancy
245 0 _aHospitality pairs and event
260 _aNew Delhi
_bDiscovery Publishing House
_c2011
300 _av, 208 p.
942 _cBK
999 _c165146
_d165146